La Celestina

Guardat en:
Dades bibliogràfiques
Autor principal: Rojas, Fernando de (Autor)
Format: Llibre
Idioma:espanyol
Publicat: Ciudad de México Porrúa 1969
Edició:2a. ed
Matèries:
Etiquetes: Afegir etiqueta
Sense etiquetes, Sigues el primer a etiquetar aquest registre!

MARC

LEADER 00000nam a2200000 a 4500
001 UCM2425
003 CL-VaPUC
008 020510e19690000MX |||||||||||||||||spa|d
082 0 4 |a 862  |b ROJ  |2 21 
100 0 |a Rojas, Fernando de  |e author  |9 326656 
245 1 3 |a La Celestina 
250 |a 2a. ed 
300 |a 175 p 
942 |c BK 
945 |d 20020510 00:00:00  |a cmena 
260 |a Ciudad de México  |b Porrúa  |c 1969 
650 0 |a Dramas españoles  |9 267081 
583 |a last modification  |c 20020510 00:00:00  |k Rodrigo Vera 
999 |c 300273  |d 300271